Basic engineering thermodynamics

The book provides a comprehensive introduction to the principles and application of the engineering thermodynamics. It includes systems, the laws of thermodynamics, steam and two-phase systems, gases and single-phase systems, thermodynamic reversibility, entropy. combustion, heat transfer, steam pla...

Descripció completa

Guardat en:
Dades bibliogràfiques
Autor principal: Rayner Joel
Format: Llibre
Idioma:Undetermined
Publicat: London Longman 1996
Matèries:
Etiquetes: Afegir etiqueta
Sense etiquetes, Sigues el primer a etiquetar aquest registre!
Thư viện lưu trữ: Trung tâm Học liệu Trường Đại học Cần Thơ
LEADER 00966nam a2200193Ia 4500
001 CTU_18907
008 210402s9999 xx 000 0 und d
082 |a 621.4021 
082 |b J64 
100 |a Rayner Joel 
245 0 |a Basic engineering thermodynamics 
245 0 |c Rayner Joel 
260 |a London 
260 |b Longman 
260 |c 1996 
520 |a The book provides a comprehensive introduction to the principles and application of the engineering thermodynamics. It includes systems, the laws of thermodynamics, steam and two-phase systems, gases and single-phase systems, thermodynamic reversibility, entropy. combustion, heat transfer, steam plant, the steam engine, nozzles, steam turbines, air and gas compressors, ideal gas power cycles, internal combustion engines, engine trials, refrigeration and pyschrometry 
650 |a heat engineering,thermodynamics 
904 |i Minh, 971001 
980 |a Trung tâm Học liệu Trường Đại học Cần Thơ